000 00754nam a2200193Ia 4500
001 21893
003 GE_BSU
008 181216s||||||||xx |||||||||||||| ||und||
040 _cGE_BSU
245 _aსაქართველოს ბიბლიოთეკა №4(69) 2017
245 _bჟურნალი გამოდის წელიწადში ოთხჯერ.
245 _cრედ.: ალექსანდრე ლორია, გურამ თაყნიაშვილი.
260 _aთბილისი
260 _c2017
300 _a64 გვ. 29სმ.
653 _aპერიოდიკა
653 _aსაქართველოს ბიბლიოთეკა №4(69) 2017
942 _cCR
999 _c54824
_d54824